Statistiques concernant Culture Générale - Série 1647

Cliquez ici pour prendre le quiz!

Statistiques générales

  • Ce quiz a été pris 102 fois
  • Le résultat moyen est 7 sur 10

Statistiques - réponses

QuestionRéponse% Correct
La phrase traditionnellement proclamée à la mort d'un monarque est : " Le roi est mort, vive...le roi
91%
Les jeunes filles qui paradent en uniforme militaire de fantaisie, en maniant une canne de tambour-major sont des...majorettes
88%
Lorsqu'il est difficile de faire ou d'obtenir quelque chose, on dit que "c'est la croix et la...bannière
86%
Quelle ville d'Allemagne, dont le nom évoque une eau parfumée, se dit "Köln" dans la langue du pays ?Cologne
84%
De quelle commune des Hauts-de-Seine, Nicolas Sarkozy a-t-il été le maire de 1983 à 2002 ?Neuilly-sur-Seine
77%
Le 18 mars 2010, quelle femme politique a fait son entrée à l'Académie française ?Simone Veil
74%
En français, quel est le prénom de Grosminet, l'ennemi juré de Titi ?Sylvestre
52%
Sous quel nom est plus connu la chanteuse américaine Stefani Joanne Angelina Germanotta ?Lady GaGa
49%
À l'arrière d'un deux-roues, sur le porte-bagage, on peut trouver une mallette appelée "top...case
40%
Quel golfe, bras oriental de la mer Baltique, borde la ville de Saint-Pétersbourg ?golfe de Finlande
13%

Distribution des résultats

Percentile par nombre de réponses

% des personnes avec chaque résultat

Votre développement - résultats

Vous n’avez pas pris ce quiz